Statistics for Pewdiepie Minecraft Pet Quiz

Click here to take the quiz!

General Stats

  • This quiz has been taken 674 times
  • The average score is 10 of 22

Answer Stats

HintAnswer% Correct
WolfSven
96%
SheepJeb_
89%
HorseJoergen
82%
HorseJoergen 2
75%
HorseJoergen 3
74%
PigPeepee Poopoo
62%
ParrotIkea Bird
59%
CatUlla Britta
57%
Skeleton Trap HorseDinnerbone
49%
ParrotIkea Bird 2
48%
CowBoat Cow
43%
FoxBengt
42%
MooshroomDJ Cow
39%
SlimeRolf
37%
TurtleVirgin Turtle
35%
WolfSven's BF
31%
DonkeyBernie
31%
WolfSvenson
22%
Skeleton Trap HorseBone Joergen
18%
Iron GolemBrad
15%
FoxAke
9%
SnowmanDumball
6%

Score Distribution

Percentile by Number Answered

Percent of People with Each Score

Your Score History

You have not taken this quiz